Emerging Technologies for Managers (Record no. 47244)

MARC details
000 -LEADER
fixed length control field 00660nam a22001817a 4500
005 - DATE AND TIME OF LATEST TRANSACTION
control field 20260209120107.0
008 - FIXED-LENGTH DATA ELEMENTS--GENERAL INFORMATION
fixed length control field 260209b |||||||| |||| 00| 0 eng d
020 ## - INTERNATIONAL STANDARD BOOK NUMBER
International Standard Book Number 9789360539757
040 ## - CATALOGING SOURCE
Transcribing agency VITAP
082 ## - DEWEY DECIMAL CLASSIFICATION NUMBER
Edition number 23rd Ed.
Classification number 658.403 DUB
100 ## - MAIN ENTRY--PERSONAL NAME
Personal name Dubey, Rahul
9 (RLIN) 17007
245 ## - TITLE STATEMENT
Title Emerging Technologies for Managers
Remainder of title : Effective Management in the 21st Century
Statement of responsibility, etc. / Rahul Dubey
250 ## - EDITION STATEMENT
Edition statement 2nd Ed.
260 ## - PUBLICATION, DISTRIBUTION, ETC.
Place of publication, distribution, etc. New Delhi
Name of publisher, distributor, etc. Cengage Learning India Pvt. Ltd.
Date of publication, distribution, etc. 2026
300 ## - PHYSICAL DESCRIPTION
Extent xvii, Chap. (1-1 to19-13), (A-1 to A-15), (I-1 to I-4)p. : ill. ; 24cm
650 #0 - SUBJECT ADDED ENTRY--TOPICAL TERM
Topical term or geographic name entry element Management; Technology management; Technological innovations
9 (RLIN) 17008
942 ## - ADDED ENTRY ELEMENTS (KOHA)
Source of classification or shelving scheme Dewey Decimal Classification
Koha item type Text Book
Holdings
Withdrawn status Lost status Source of classification or shelving scheme Materials specified (bound volume or other part) Damaged status Not for loan Collection code Home library Current library Shelving location Date acquired Source of acquisition Cost, normal purchase price Inventory number Total Checkouts Full call number Barcode Date last seen Cost, replacement price Price effective from Koha item type Public note
    Dewey Decimal Classification Paper Back     Reference School of Business & General Section VIT-AP Reference 2026-01-31 Syamala Book Links, Visakhapatnam 495.00 SBL151   658.403 DUB 025406 2026-02-09 495.00 2026-01-31 Reference Book MGT
    Dewey Decimal Classification Paper Back       School of Business & General Section VIT-AP General Stacks 2026-01-31 Syamala Book Links, Visakhapatnam 495.00 SBL151   658.403 DUB 025407 2026-02-09 495.00 2026-01-31 Text Book MGT
    Dewey Decimal Classification Paper Back       School of Business & General Section VIT-AP General Stacks 2026-01-31 Syamala Book Links, Visakhapatnam 495.00 SBL151   658.403 DUB 025408 2026-02-09 495.00 2026-01-31 Text Book MGT

Visitor Number: